[Event "Calgary int."]
[Site "Calgary CAN"]
[Date "2022.09.20"]
[Round "1"]
[White "Tolentino, Patrick Angelo"]
[Black "Ng, Gary"]
[Result "0-1"]
[WhiteElo "1944"]
[BlackElo "2241"]
[PlyCount "52"]
[EventDate "2022.09.20"]
[EventType "tourn"]
[EventRounds "9"]
[EventCountry "CAN"]
[Source "Mark Crowther"]
[SourceDate "2022.10.10"]

1. e4 c6 2. Nc3 d5 3. Nf3 Bg4 4. h3 Bxf3 5. Qxf3 e6 6. Be2 d4 7. Nb1 Ne7 8. h4
h5 9. d3 Ng6 10. Qh3 a5 11. a4 Na6 12. g3 Bb4+ 13. Nd2 Qb6 14. b3 Bc3 15. Rb1
Qb4 16. Kd1 Qc5 17. e5 Bxd2 18. Bxd2 Nxe5 19. f4 Nd7 20. Re1 O-O-O 21. Bf3 g6
22. Qh1 Rhe8 23. Re2 Nb4 24. Rb2 Nb6 25. Re5 N6d5 26. Qe1 f6 0-1

[Event "Calgary int."]
[Site "Calgary CAN"]
[Date "2022.09.21"]
[Round "2"]
[White "Bitan, B."]
[Black "Dukic, Zachary"]
[Result "1/2-1/2"]
[WhiteElo "2395"]
[BlackElo "2218"]
[PlyCount "108"]
[EventDate "2022.09.20"]
[EventType "tourn"]
[EventRounds "9"]
[EventCountry "CAN"]
[Source "Mark Crowther"]
[SourceDate "2022.10.10"]

1. d4 Nf6 2. c4 g6 3. Nc3 d5 4. cxd5 Nxd5 5. Bd2 Bg7 6. e4 Nxc3 7. Bxc3 O-O 8.
Qd2 c5 9. d5 Bxc3 10. bxc3 Qd6 11. f4 e6 12. Nf3 exd5 13. Bc4 d4 14. O-O Nc6
15. Ng5 Kg7 16. Rae1 Qe7 17. Nxf7 Rxf7 18. Bxf7 Qxf7 19. f5 gxf5 20. exf5 Bd7
21. cxd4 cxd4 22. Rf4 Qf6 23. h3 Kh8 24. Rg4 Rg8 25. Rxg8+ Kxg8 26. Qf4 Qxf5
27. Qd6 Qf7 28. Rf1 Qe7 29. Qg3+ Kh8 30. Re1 Qg7 31. Qd6 h6 32. Kh2 Bf5 33. Qf4
Bg6 34. g4 d3 35. h4 h5 36. gxh5 Bxh5 37. Re6 Bf7 38. Rf6 Kg8 39. Rf5 Qb2+ 40.
Kg3 d2 41. Rg5+ Kf8 42. Rd5 Qa3+ 43. Kh2 d1=Q 44. Qh6+ Ke8 45. Rxd1 Qxa2+ 46.
Rd2 Qe6 47. Qg5 Kf8 48. Kg3 Qe5+ 49. Qxe5 Nxe5 50. Kf4 Nc6 51. Kg5 a5 52. h5
Bxh5 53. Kxh5 a4 54. Rb2 a3 1/2-1/2

[Event "Calgary int."]
[Site "Calgary CAN"]
[Date "2022.09.21"]
[Round "2"]
[White "Jaferian, K."]
[Black "Haessel, Dale"]
[Result "1/2-1/2"]
[WhiteElo "2236"]
[BlackElo "2082"]
[PlyCount "132"]
[EventDate "2022.09.20"]
[EventType "tourn"]
[EventRounds "9"]
[EventCountry "CAN"]
[Source "Mark Crowther"]
[SourceDate "2022.10.10"]

1. e4 e5 2. Nf3 Nc6 3. d4 exd4 4. Nxd4 Bc5 5. Nb3 Bb6 6. Nc3 d6 7. Qe2 Nf6 8.
Bg5 h6 9. Bh4 Be6 10. O-O-O g5 11. Bg3 Qe7 12. f3 O-O-O 13. Bf2 Rhe8 14. Bxb6
axb6 15. Qb5 d5 16. Qa4 dxe4 17. Bb5 Kb8 18. Nd4 Bd7 19. Nxc6+ Bxc6 20. Bxc6
bxc6 21. Qxc6 Rxd1+ 22. Rxd1 exf3 23. Qxf3 Qe3+ 24. Qxe3 Rxe3 25. Rf1 Re6 26.
Nb5 c5 27. b4 Kb7 28. bxc5 bxc5 29. Rf5 Kc6 30. Nc3 Ne4 31. Nxe4 Rxe4 32. Rxf7
Re2 33. Rf6+ Kb5 34. Rxh6 Rxg2 35. Kb2 Rg1 36. Kb3 Rb1+ 37. Kc3 Rh1 38. a4+
Kxa4 39. Kc4 Ka5 40. Kxc5 g4 41. Rh4 Rg1 42. c4 Ka6 43. Kc6 Ka7 44. Kc7 g3 45.
c5 Ka6 46. hxg3 Rxg3 47. Rh6+ Ka7 48. Rh7 Rg8 49. c6 Ka6 50. Kd6 Kb6 51. Rb7+
Ka6 52. Re7 Kb6 53. Kd7 Rh8 54. Re6 Rh7+ 55. Kd6 Rg7 56. Rh6 Rc7 57. Kd5 Rg7
58. Kd6 Rc7 59. Kd5 Rg7 60. Rh5 Kc7 61. Kc5 Rf7 62. Rd5 Rh7 63. Rd6 Rh5+ 64.
Rd5 Rh7 65. Rd7+ Rxd7 66. cxd7 Kxd7 1/2-1/2

[Event "Calgary int."]
[Site "Calgary CAN"]
[Date "2022.09.21"]
[Round "2"]
[White "Ng, Gary"]
[Black "Malek, O."]
[Result "1-0"]
[WhiteElo "2241"]
[BlackElo "2033"]
[PlyCount "103"]
[EventDate "2022.09.20"]
[EventType "tourn"]
[EventRounds "9"]
[EventCountry "CAN"]
[Source "Mark Crowther"]
[SourceDate "2022.10.10"]

1. d4 Nf6 2. c4 e6 3. Nf3 d5 4. cxd5 exd5 5. Bg5 Be7 6. Nc3 c6 7. Qc2 Nbd7 8.
e3 h6 9. Bh4 O-O 10. Bd3 b6 11. O-O Bb7 12. Rac1 Re8 13. Rfd1 Ne4 14. Bxe4 dxe4
15. Qxe4 Bxh4 16. Qxh4 Nf6 17. b4 Qe7 18. b5 c5 19. dxc5 bxc5 20. Na4 Rac8 21.
Ne1 Kh7 22. h3 c4 23. Qf4 Red8 24. Nc3 Rc5 25. Rxd8 Qxd8 26. Qd4 Qc8 27. a4 Rg5
28. Kh2 Rh5 29. f3 Rc5 30. Ne2 Rc7 31. Kg1 Nd5 32. Qxa7 c3 33. Qd4 Rc4 34. Qd3+
Kg8 35. Nc2 Qc5 36. Kh1 Rxa4 37. e4 Nf6 38. Nxc3 Ra8 39. Ne3 Qg5 40. Ne2 Nh5
41. Qb3 Kh7 42. Rd1 Bc8 43. Nd5 Bxh3 44. gxh3 Ng3+ 45. Nxg3 Qxg3 46. b6 Qxh3+
47. Kg1 Re8 48. b7 Qg3+ 49. Kf1 Qh3+ 50. Kf2 Qh2+ 51. Ke3 Kg6 52. Nf4+ 1-0

[Event "Calgary int."]
[Site "Calgary CAN"]
[Date "2022.09.21"]
[Round "2"]
[White "Panchanathan, M."]
[Black "Morozov, G."]
[Result "1-0"]
[WhiteElo "2470"]
[BlackElo "2363"]
[PlyCount "125"]
[EventDate "2022.09.20"]
[EventType "tourn"]
[EventRounds "9"]
[EventCountry "CAN"]
[Source "Mark Crowther"]
[SourceDate "2022.10.10"]

1. Nf3 d5 2. g3 Nf6 3. Bg2 c5 4. O-O Nc6 5. d4 cxd4 6. Nxd4 e6 7. c4 Qb6 8.
Nxc6 bxc6 9. Nc3 Bb7 10. cxd5 cxd5 11. Be3 Qa5 12. a3 Bd6 13. b4 Qd8 14. Nb5
Bb8 15. Bc5 Qd7 16. Qd3 a6 17. Nc3 Ba7 18. Bxa7 Rxa7 19. Rfd1 O-O 20. e4 Rd8
21. e5 Ne8 22. Ne4 Bc6 23. Nc5 Qc8 24. Qd4 Qa8 25. a4 Rb8 26. Rdc1 g6 27. Bf1
Nc7 28. Rc3 Be8 29. g4 a5 30. b5 Bxb5 31. axb5 Nxb5 32. Bxb5 Rxb5 33. Nd3 Rab7
34. Kg2 Qd8 35. Rac1 Qg5 36. Rc8+ Kg7 37. R1c7 h5 38. h3 hxg4 39. hxg4 Rb1 40.
Qf4 Qxf4 41. Nxf4 Rxc7 42. Rxc7 Kf8 43. Nh3 Re1 44. f4 Re4 45. Kf3 Rc4 46. Ra7
Rc3+ 47. Kg2 Rc2+ 48. Kg3 Rc3+ 49. Kh4 Rf3 50. Rxa5 g5+ 51. Nxg5 Rxf4 52. Nh7+
Kg7 53. Nf6 Kg6 54. Ra8 Rb4 55. Rg8+ Kh6 56. Kg3 Rb3+ 57. Kf2 Rb7 58. Ke3 Rb3+
59. Ke2 Rb2+ 60. Kd3 Rb3+ 61. Kd4 Rg3 62. Kc5 Rg2 63. Kd6 1-0

[Event "Calgary int."]
[Site "Calgary CAN"]
[Date "2022.09.21"]
[Round "2"]
[White "Sevillano, E."]
[Black "Tolentino, Patrick Angelo"]
[Result "1/2-1/2"]
[WhiteElo "2406"]
[BlackElo "1944"]
[PlyCount "86"]
[EventDate "2022.09.20"]
[EventType "tourn"]
[EventRounds "9"]
[EventCountry "CAN"]
[Source "Mark Crowther"]
[SourceDate "2022.10.10"]

1. d4 Nf6 2. c4 g6 3. Nc3 Bg7 4. e4 d6 5. Be2 O-O 6. Nf3 e5 7. O-O Nc6 8. d5
Ne7 9. b4 a5 10. bxa5 Rxa5 11. Nd2 Ra8 12. Nb3 c5 13. a4 Ne8 14. f3 f5 15. a5
Nf6 16. Qc2 f4 17. Na4 Nd7 18. Bd2 g5 19. g4 h5 20. h3 Bf6 21. Kf2 Kf7 22. Ke1
Rh8 23. Kd1 hxg4 24. hxg4 Rh2 25. Qd3 Qh8 26. Kc2 Ng6 27. Nc3 Bd8 28. Nb5 Ra6
29. Kb2 Qh3 30. Nc3 Nf6 31. Qb1 Bd7 32. Qe1 Nh4 33. Rf2 Qg3 34. Rxh2 Qxh2 35.
Qf1 Kg7 36. Qd1 Qg2 37. Nb5 Kf7 38. Qf1 Qh2 39. Qd1 Kg7 40. Nc3 Qg2 41. Nb5 Kf7
42. Qf1 Qh2 43. Nc3 Kg7 1/2-1/2

[Event "Calgary int."]
[Site "Calgary CAN"]
[Date "2022.09.21"]
[Round "3"]
[White "Dukic, Zachary"]
[Black "Ng, Gary"]
[Result "1-0"]
[WhiteElo "2218"]
[BlackElo "2241"]
[PlyCount "73"]
[EventDate "2022.09.20"]
[EventType "tourn"]
[EventRounds "9"]
[EventCountry "CAN"]
[Source "Mark Crowther"]
[SourceDate "2022.10.10"]

1. e4 c6 2. d4 d5 3. e5 Bf5 4. h4 h5 5. c4 e6 6. Nc3 Ne7 7. Nge2 Nd7 8. Ng3 Bg6
9. Bg5 Qb6 10. Rc1 Qxb2 11. Bd3 dxc4 12. Bxg6 Nxg6 13. Nxh5 Be7 14. Nxg7+ Kf8
15. Bxe7+ Nxe7 16. Rc2 Qb4 17. Nh5 Nd5 18. Rh3 Ke7 19. Kf1 Nxc3 20. Rhxc3 b5
21. g3 Nb6 22. Nf6 Nd5 23. Rf3 Rad8 24. Ne4 c5 25. a3 Qa5 26. Nxc5 Qb6 27. Qd2
Rdg8 28. a4 Rg4 29. axb5 Qxb5 30. Rb2 c3+ 31. Rxb5 cxd2 32. Rb7+ Ke8 33. Rd3
Rh5 34. Rxd2 Rf5 35. Rb8+ Ke7 36. Ra2 a6 37. Rxa6 1-0

[Event "Calgary int."]
[Site "Calgary CAN"]
[Date "2022.09.21"]
[Round "3"]
[White "Malek, O."]
[Black "Sevillano, E."]
[Result "1/2-1/2"]
[WhiteElo "2033"]
[BlackElo "2406"]
[PlyCount "108"]
[EventDate "2022.09.20"]
[EventType "tourn"]
[EventRounds "9"]
[EventCountry "CAN"]
[Source "Mark Crowther"]
[SourceDate "2022.10.10"]

1. d4 Nf6 2. Nf3 c5 3. d5 e6 4. Nc3 d6 5. dxe6 Bxe6 6. e4 Be7 7. Bb5+ Nbd7 8.
Ng5 Bg4 9. f3 Bh5 10. Bf4 a6 11. Bxd7+ Qxd7 12. Nd5 Nxd5 13. Qxd5 h6 14. Nh3
Bxf3 15. gxf3 Qxh3 16. O-O-O O-O 17. Rhg1 Qe6 18. Qh5 Kh7 19. Rd5 Rh8 20. h3
Raf8 21. Qg4 Rhg8 22. Rgd1 g6 23. Qg2 f5 24. e5 dxe5 25. Rxe5 Qf6 26. Rd7 Rg7
27. Red5 Qe6 28. Qd2 Rff7 29. Kd1 g5 30. Be5 Bf6 31. R7d6 Qe7 32. Bh2 f4 33.
Qd3+ Kg8 34. Bg1 Rf8 35. Bxc5 Re8 36. Bf2 Rf7 37. c4 Bg7 38. b4 Rf6 39. Rd8
Rxd8 40. Rxd8+ Rf8 41. Qd5+ Kh8 42. Rd7 Qxb4 43. Rxb7 Qc3 44. Ke2 Qa1 45. Qe4
Rd8 46. Rb1 Qxa2+ 47. Kf1 Qd2 48. Rb7 Qd3+ 49. Qxd3 Rxd3 50. c5 Rc3 51. Ra7
Rc1+ 52. Ke2 Rc2+ 53. Kf1 Rc1+ 54. Ke2 Rc2+ 1/2-1/2

[Event "Calgary int."]
[Site "Calgary CAN"]
[Date "2022.09.21"]
[Round "3"]
[White "Morozov, G."]
[Black "Bitan, B."]
[Result "0-1"]
[WhiteElo "2363"]
[BlackElo "2395"]
[PlyCount "122"]
[EventDate "2022.09.20"]
[EventType "tourn"]
[EventRounds "9"]
[EventCountry "CAN"]
[Source "Mark Crowther"]
[SourceDate "2022.10.10"]

1. d4 Nf6 2. c4 e6 3. Nf3 d5 4. Bg5 Nbd7 5. Nc3 c6 6. e3 Qa5 7. Nd2 dxc4 8.
Bxf6 Nxf6 9. Nxc4 Qc7 10. a3 Be7 11. Rc1 O-O 12. Bd3 Rd8 13. O-O Bd7 14. b4 Be8
15. Qe2 b6 16. h3 a5 17. Rb1 axb4 18. axb4 Nd5 19. Nxd5 exd5 20. Ne5 Bd6 21.
Nf3 Qe7 22. b5 c5 23. dxc5 bxc5 24. Rfd1 Rab8 25. Bc2 Bc7 26. Qd3 g6 27. Qe2
Ba5 28. Ba4 Bb4 29. Ne1 Ra8 30. Qc2 Qa7 31. Bb3 Bxe1 32. Bxd5 Rab8 33. b6 Qe7
34. e4 Bb4 35. b7 Qf6 36. Rd3 Rd7 37. Rf3 Qb6 38. Qb2 Rdxb7 39. Bxb7 Qxb7 40.
Re3 Qe7 41. e5 Rd8 42. e6 Bc6 43. exf7+ Qxf7 44. Qe5 Qf5 45. Qxf5 gxf5 46. Re5
Be4 47. Rc1 Kf7 48. f3 Kf6 49. Rexc5 Bxc5+ 50. Rxc5 Bd5 51. f4 h5 52. Kf2 Be4
53. Rb5 Rd2+ 54. Kg3 Bxg2 55. Rb6+ Kf7 56. Kh4 Rd3 57. Kg5 Bxh3 58. Kxh5 Bg2
59. Rb2 Be4 60. Kg5 Rg3+ 61. Kh5 Rg4 0-1

[Event "Calgary int."]
[Site "Calgary CAN"]
[Date "2022.09.21"]
[Round "3"]
[White "Panchanathan, M."]
[Black "Jaferian, K."]
[Result "1/2-1/2"]
[WhiteElo "2470"]
[BlackElo "2236"]
[PlyCount "89"]
[EventDate "2022.09.20"]
[EventType "tourn"]
[EventRounds "9"]
[EventCountry "CAN"]
[Source "Mark Crowther"]
[SourceDate "2022.10.10"]

1. d4 d5 2. Nf3 Nf6 3. g3 c5 4. Bg2 cxd4 5. O-O h6 6. a3 e6 7. Nxd4 e5 8. Nf3
Nc6 9. b4 a6 10. Bb2 Qc7 11. e4 dxe4 12. Nfd2 Bf5 13. Qe2 Be7 14. Nxe4 O-O 15.
Nxf6+ Bxf6 16. Nc3 Nd4 17. Qd2 Rad8 18. Nd5 Rxd5 19. Bxd5 Rd8 20. Bxd4 Rxd5 21.
Qc3 Qd7 22. Bb6 e4 23. Qc7 Qxc7 24. Bxc7 Bxa1 25. Rxa1 e3 26. fxe3 Bxc2 27. g4
Rg5 28. h3 f5 29. Rc1 Be4 30. Rc4 Bf3 31. Bf4 Rg6 32. Rc8+ Kh7 33. Kf2 fxg4 34.
Rc7 Rc6 35. Rxc6 bxc6 36. Kg3 h5 37. a4 Kg6 38. a5 Kf5 39. h4 Ke4 40. Bg5 Kd3
41. Bf4 g6 42. Bg5 Kc4 43. Be7 Kd3 44. Bg5 Kc4 45. Be7 1/2-1/2

[Event "Calgary int."]
[Site "Calgary CAN"]
[Date "2022.09.21"]
[Round "3"]
[White "Tolentino, Patrick Angelo"]
[Black "Haessel, Dale"]
[Result "0-1"]
[WhiteElo "1944"]
[BlackElo "2082"]
[PlyCount "75"]
[EventDate "2022.09.20"]
[EventType "tourn"]
[EventRounds "9"]
[EventCountry "CAN"]
[Source "Mark Crowther"]
[SourceDate "2022.10.10"]

1. e4 e5 2. Nf3 Nc6 3. Bb5 Nf6 4. d3 d6 5. O-O g6 6. c3 Bg7 7. Re1 O-O 8. h3 a6
9. Ba4 b5 10. Bc2 a5 11. a4 b4 12. Be3 Re8 13. Nbd2 Bb7 14. Bb3 h6 15. Qc2 d5
16. Ba2 Qd7 17. Nb3 Rad8 18. Nc5 Qc8 19. Nxb7 Qxb7 20. Rad1 Rd7 21. Nd2 Bf8 22.
Nb3 bxc3 23. bxc3 d4 24. cxd4 exd4 25. Bf4 Nb4 26. Qb2 Rb8 27. Nc1 Nxa2 28.
Qxa2 Nh5 29. Bh2 Ng7 30. Re2 Ne6 31. Rc2 Qb1 32. Kf1 Nc5 33. Ke2 Qxa2 34. Nxa2
Nxa4 35. Rc4 Rb2+ 36. Rd2 Nc3+ 37. Nxc3 dxc3 38. Rxc3 0-1

[Event "Calgary int."]
[Site "Calgary CAN"]
[Date "2022.09.22"]
[Round "4"]
[White "Bitan, B."]
[Black "Panchanathan, M."]
[Result "1-0"]
[WhiteElo "2395"]
[BlackElo "2470"]
[PlyCount "27"]
[EventDate "2022.09.20"]
[EventType "tourn"]
[EventRounds "9"]
[EventCountry "CAN"]
[Source "Mark Crowther"]
[SourceDate "2022.10.10"]

1. d4 Nf6 2. c4 e6 3. Nc3 Bb4 4. Qc2 d6 5. Nf3 O-O 6. g4 e5 7. g5 exd4 8. Nxd4
Ng4 9. Bf4 Qe8 10. e3 Nc6 11. Ndb5 a6 12. Nxc7 Nd4 13. Qd1 Qc6 14. N7d5 1-0

[Event "Calgary int."]
[Site "Calgary CAN"]
[Date "2022.09.22"]
[Round "4"]
[White "Haessel, Dale"]
[Black "Malek, O."]
[Result "0-1"]
[WhiteElo "2082"]
[BlackElo "2033"]
[PlyCount "72"]
[EventDate "2022.09.20"]
[EventType "tourn"]
[EventRounds "9"]
[EventCountry "CAN"]
[Source "Mark Crowther"]
[SourceDate "2022.10.10"]

1. b3 d5 2. Bb2 Nf6 3. c4 c6 4. e3 Bf5 5. Nf3 e6 6. Be2 h6 7. O-O Nbd7 8. d4
Be7 9. Nc3 Ne4 10. Ne5 Nxe5 11. dxe5 Qa5 12. Nxe4 Bxe4 13. cxd5 cxd5 14. a3 O-O
15. b4 Qd8 16. Rc1 Qd7 17. Qd4 Rfc8 18. f3 Bc2 19. e4 Bg5 20. Ra1 Bd8 21. Kh1
Bb6 22. Qd2 d4 23. Bd3 Ba4 24. f4 Rc3 25. Rac1 Rxd3 26. Qxd3 Bb5 27. Qd2 Bxf1
28. Rxf1 Qb5 29. Rf3 a5 30. g4 axb4 31. axb4 Qc6 32. Qd3 Qa4 33. Qd2 Qa2 34.
Qc2 Qa4 35. Qd2 Rc8 36. Bxd4 Rd8 0-1

[Event "Calgary int."]
[Site "Calgary CAN"]
[Date "2022.09.22"]
[Round "4"]
[White "Jaferian, K."]
[Black "Tolentino, Patrick Angelo"]
[Result "1/2-1/2"]
[WhiteElo "2236"]
[BlackElo "1944"]
[PlyCount "70"]
[EventDate "2022.09.20"]
[EventType "tourn"]
[EventRounds "9"]
[EventCountry "CAN"]
[Source "Mark Crowther"]
[SourceDate "2022.10.10"]

1. e4 c6 2. Nc3 d5 3. Nf3 Bg4 4. h3 Bxf3 5. Qxf3 e6 6. Be2 Bc5 7. O-O Nd7 8.
exd5 cxd5 9. Rd1 Ngf6 10. d4 Be7 11. Bd3 O-O 12. Bf4 Nb6 13. Ne2 Nc8 14. Ng3
Nd6 15. a4 Rc8 16. b3 Qd7 17. Re1 Qc6 18. Be5 Nde4 19. Re3 g6 20. c4 Nxg3 21.
Bxf6 Bxf6 22. Qxf6 dxc4 23. Bxc4 Ne4 24. Qe5 Nd6 25. Be2 Nf5 26. Rd3 Rfd8 27.
Bf3 Qc7 28. Rad1 b6 29. Qe4 Ne7 30. g3 Nd5 31. Re1 Qc2 32. Re2 Qb1+ 33. Re1 Qc2
34. Re2 Qb1+ 35. Re1 Qc2 1/2-1/2

[Event "Calgary int."]
[Site "Calgary CAN"]
[Date "2022.09.22"]
[Round "4"]
[White "Ng, Gary"]
[Black "Morozov, G."]
[Result "1-0"]
[WhiteElo "2241"]
[BlackElo "2363"]
[PlyCount "81"]
[EventDate "2022.09.20"]
[EventType "tourn"]
[EventRounds "9"]
[EventCountry "CAN"]
[Source "Mark Crowther"]
[SourceDate "2022.10.10"]

1. d4 d5 2. Bf4 Nf6 3. e3 Bg4 4. f3 Bf5 5. c4 c6 6. Nc3 a6 7. g4 Bc8 8. c5 Nfd7
9. b4 e5 10. Bg3 b6 11. Nge2 h5 12. h3 hxg4 13. fxg4 Be7 14. Bg2 e4 15. O-O Bg5
16. Nf4 Nf8 17. a4 bxc5 18. bxc5 Ne6 19. a5 Nd7 20. Na4 Nc7 21. Nb6 Ra7 22. Qb3
Nf6 23. Rae1 Nb5 24. Ne2 Be6 25. Nc1 Ng8 26. Re2 Ne7 27. Na2 f5 28. Ref2 g6 29.
Nb4 Kf7 30. Be5 Rh7 31. Kh2 Qe8 32. Rh1 Kg8 33. Kg1 fxg4 34. hxg4 Rxh1+ 35.
Bxh1 Bxg4 36. Bxe4 Bf5 37. Rh2 Kf7 38. Rh7+ Ke6 39. N4xd5 Bxe4 40. Nc7+ Kf5 41.
Qe6# 1-0

[Event "Calgary int."]
[Site "Calgary CAN"]
[Date "2022.09.22"]
[Round "4"]
[White "Sevillano, E."]
[Black "Dukic, Zachary"]
[Result "1/2-1/2"]
[WhiteElo "2406"]
[BlackElo "2218"]
[PlyCount "90"]
[EventDate "2022.09.20"]
[EventType "tourn"]
[EventRounds "9"]
[EventCountry "CAN"]
[Source "Mark Crowther"]
[SourceDate "2022.10.10"]

1. e4 c5 2. c3 Nf6 3. e5 Nd5 4. Nf3 Nc6 5. Bc4 Nb6 6. Bb3 c4 7. Bc2 d6 8. exd6
Qxd6 9. d4 cxd3 10. Qxd3 Qxd3 11. Bxd3 e5 12. a4 f6 13. a5 Nd5 14. a6 b6 15.
O-O Be6 16. Bb5 Nde7 17. Rd1 Rd8 18. Rxd8+ Kxd8 19. Na3 Kc7 20. b4 g5 21. Be2
Nd5 22. Nb5+ Kb8 23. Nd2 Be7 24. Nc4 Rd8 25. Bf1 f5 26. g3 e4 27. Bb2 Bf6 28.
Rc1 Nc7 29. Nba3 b5 30. Na5 Nxa5 31. bxa5 Rd2 32. Ba1 Be7 33. Nc2 Bc5 34. Nd4
Bd7 35. Rb1 Kc8 36. Bb2 Bxd4 37. cxd4 Nxa6 38. Rc1+ Kb7 39. Bc3 Ra2 40. d5 Nc7
41. Rd1 Rc2 42. Bb4 Rb2 43. Bc3 Rb3 44. Be1 Ne8 45. Bd2 g4 1/2-1/2

[Event "Calgary int."]
[Site "Calgary CAN"]
[Date "2022.09.23"]
[Round "5"]
[White "Bitan, B."]
[Black "Jaferian, K."]
[Result "1-0"]
[WhiteElo "2395"]
[BlackElo "2236"]
[PlyCount "103"]
[EventDate "2022.09.20"]
[EventType "tourn"]
[EventRounds "9"]
[EventCountry "CAN"]
[Source "Mark Crowther"]
[SourceDate "2022.10.10"]

1. c4 c5 2. Nc3 Nc6 3. Nf3 g6 4. e3 Nf6 5. d4 cxd4 6. exd4 d5 7. cxd5 Nxd5 8.
Qb3 Nxc3 9. Bc4 Nd5 10. Bxd5 e6 11. Bxc6+ bxc6 12. O-O Qd5 13. Qe3 Bg7 14. Qf4
O-O 15. Be3 Qb5 16. Rfc1 Qxb2 17. Ne5 Qa3 18. Rc5 Qb2 19. Rac1 Qxa2 20. h4 Qe2
21. h5 Qxh5 22. Qe4 Qe2 23. Qxc6 Qa6 24. Qxa8 Bb7 25. Qxf8+ Bxf8 26. Rc7 Bd6
27. Rd7 Bxe5 28. dxe5 Qb5 29. Rcc7 Qb1+ 30. Kh2 Bxg2 31. Kxg2 Qe4+ 32. Kg1 h5
33. Rd8+ Kg7 34. Rcc8 Qg4+ 35. Kf1 Qh3+ 36. Ke1 Qh1+ 37. Ke2 g5 38. Rg8+ Kh7
39. Rh8+ Kg6 40. Rhg8+ Kf5 41. Rxg5+ Ke4 42. Rd8 Qf3+ 43. Kd2 f5 44. exf6 e5
45. Re8 Kd5 46. Rexe5+ Kc6 47. Rgf5 Qg4 48. Rc5+ Kd7 49. f7 Qb4+ 50. Ke2 Qb2+
51. Kf3 Qb7+ 52. Rcd5+ 1-0

[Event "Calgary int."]
[Site "Calgary CAN"]
[Date "2022.09.23"]
[Round "5"]
[White "Dukic, Zachary"]
[Black "Haessel, Dale"]
[Result "1/2-1/2"]
[WhiteElo "2218"]
[BlackElo "2082"]
[PlyCount "75"]
[EventDate "2022.09.20"]
[EventType "tourn"]
[EventRounds "9"]
[EventCountry "CAN"]
[Source "Mark Crowther"]
[SourceDate "2022.10.10"]

1. e4 e5 2. Nf3 Nc6 3. Bb5 Nf6 4. O-O Nxe4 5. Re1 Nd6 6. Nxe5 Be7 7. Bf1 Nxe5
8. Rxe5 O-O 9. d4 Ne8 10. d5 d6 11. Re1 Nf6 12. h3 Re8 13. a4 a5 14. Nc3 Bd7
15. Qf3 c6 16. Bc4 Rc8 17. b3 cxd5 18. Nxd5 Nxd5 19. Qxd5 Be6 20. Rxe6 fxe6 21.
Qxe6+ Kh8 22. Bb2 Bf6 23. Bxf6 Qxf6 24. Qxf6 gxf6 25. Rd1 Rcd8 26. f4 Re4 27.
g3 Re3 28. Kf2 Rc3 29. Rd2 Re8 30. Bb5 Re7 31. Bc4 Kg7 32. Bd3 h5 33. h4 Kf7
34. Bc4+ Kg7 35. Be2 Rec7 36. Bd3 Re7 37. Be2 Rec7 38. Bd3 1/2-1/2

[Event "Calgary int."]
[Site "Calgary CAN"]
[Date "2022.09.23"]
[Round "5"]
[White "Malek, O."]
[Black "Tolentino, Patrick Angelo"]
[Result "0-1"]
[WhiteElo "2033"]
[BlackElo "1944"]
[PlyCount "102"]
[EventDate "2022.09.20"]
[EventType "tourn"]
[EventRounds "9"]
[EventCountry "CAN"]
[Source "Mark Crowther"]
[SourceDate "2022.10.10"]

1. d4 Nf6 2. Nf3 g6 3. c4 Bg7 4. Nc3 O-O 5. Bg5 d6 6. e3 Nbd7 7. Qc2 h6 8. Bh4
c6 9. Be2 e5 10. Rd1 Qa5 11. O-O Re8 12. Nd2 Qb6 13. Nb3 Nf8 14. c5 dxc5 15.
Na4 Qc7 16. Naxc5 N6d7 17. Nxd7 Bxd7 18. d5 Qc8 19. d6 Bf5 20. e4 Bd7 21. f3
Ne6 22. Bf2 b6 23. Bc4 c5 24. Bd5 Bc6 25. Qc4 Qd7 26. Bxc6 Qxc6 27. Rd5 Nf4 28.
Rd2 Rad8 29. Rfd1 Rd7 30. Qa6 Red8 31. Bxc5 Bf8 32. Ba3 Bxd6 33. Rc1 Bc5+ 34.
Rxc5 Rxd2 35. Nxd2 Qd7 36. Rd5 Nxd5 37. exd5 Qxd5 38. Ne4 Qd4+ 39. Kf1 f5 40.
Nf6+ Kh8 41. Qxa7 Qc4+ 42. Kf2 Qh4+ 43. Ke2 Qxf6 44. Be7 Qf7 45. Qa3 Qc4+ 46.
Kf2 Qc2+ 47. Kg3 f4+ 48. Kh4 Qf5 49. g4 g5+ 50. Kh3 Qd3 51. Bf6+ Kg8 0-1

[Event "Calgary int."]
[Site "Calgary CAN"]
[Date "2022.09.23"]
[Round "5"]
[White "Morozov, G."]
[Black "Sevillano, E."]
[Result "1-0"]
[WhiteElo "2363"]
[BlackElo "2406"]
[PlyCount "107"]
[EventDate "2022.09.20"]
[EventType "tourn"]
[EventRounds "9"]
[EventCountry "CAN"]
[Source "Mark Crowther"]
[SourceDate "2022.10.10"]

1. d4 Nf6 2. c4 e6 3. Nc3 d5 4. Bg5 c6 5. cxd5 exd5 6. Nf3 h6 7. Bh4 g5 8. Bg3
Ne4 9. Be5 f6 10. Bxb8 Rxb8 11. Nd2 f5 12. Ndxe4 fxe4 13. e3 g4 14. h3 Qg5 15.
hxg4 Bxg4 16. Be2 Bd7 17. Bh5+ Kd8 18. g3 Bd6 19. Qd2 Kc7 20. Ne2 Rbf8 21. Nf4
Rhg8 22. O-O-O Qe7 23. Qc3 Kb8 24. a3 Bf5 25. Kd2 c5 26. dxc5 Be5 27. Qb4 d4
28. Kc1 d3 29. Kb1 Rc8 30. Rc1 Bxf4 31. gxf4 Rg2 32. Bd1 Rxf2 33. Rxh6 Rf1 34.
Rd6 Bd7 35. Qd4 Bc6 36. f5 Rf8 37. Re6 Qc7 38. f6 a6 39. Bb3 Rf5 40. Re7 Qd8
41. Qxd8+ Rxd8 42. f7 Ka7 43. Rg1 d2 44. Rd1 Rf2 45. Bc4 a5 46. b3 Bd7 47. Kc2
Bg4 48. Re8 Bxd1+ 49. Kxd1 Rb8 50. b4 axb4 51. axb4 Ka8 52. Be6 Ka7 53. b5 Ka8
54. b6 1-0

[Event "Calgary int."]
[Site "Calgary CAN"]
[Date "2022.09.23"]
[Round "5"]
[White "Panchanathan, M."]
[Black "Ng, Gary"]
[Result "1/2-1/2"]
[WhiteElo "2470"]
[BlackElo "2241"]
[PlyCount "65"]
[EventDate "2022.09.20"]
[EventType "tourn"]
[EventRounds "9"]
[EventCountry "CAN"]
[Source "Mark Crowther"]
[SourceDate "2022.10.10"]

1. Nf3 Nf6 2. c4 b6 3. Nc3 Bb7 4. e3 e6 5. Be2 c5 6. O-O Be7 7. d4 Ne4 8. Nxe4
Bxe4 9. Ne5 Qc7 10. Bf3 Qb7 11. d5 exd5 12. cxd5 Bxf3 13. Qxf3 O-O 14. e4 d6
15. Nc4 b5 16. Ne3 g6 17. Qg3 Kh8 18. a4 a6 19. Ng4 Nd7 20. Bh6 Rfe8 21. Bf4
Bf8 22. axb5 Rxe4 23. bxa6 Rxa6 24. Rxa6 Qxa6 25. Bh6 Bg7 26. Qf3 f5 27. Bxg7+
Kxg7 28. Qc3+ Rd4 29. Qe3 fxg4 30. Qe7+ Kh6 31. Qh4+ Kg7 32. Qe7+ Kh6 33. Qh4+
1/2-1/2

[Event "Calgary int."]
[Site "Calgary CAN"]
[Date "2022.09.23"]
[Round "6"]
[White "Haessel, Dale"]
[Black "Morozov, G."]
[Result "1/2-1/2"]
[WhiteElo "2082"]
[BlackElo "2363"]
[PlyCount "29"]
[EventDate "2022.09.20"]
[EventType "tourn"]
[EventRounds "9"]
[EventCountry "CAN"]
[Source "Mark Crowther"]
[SourceDate "2022.10.10"]

1. d4 d5 2. c4 e6 3. Nc3 c6 4. e4 dxe4 5. Nxe4 Bb4+ 6. Bd2 Be7 7. Nf3 Nf6 8.
Bd3 Nbd7 9. O-O c5 10. Bc3 Nxe4 11. Bxe4 Bf6 12. Qd2 O-O 13. Rad1 Qc7 14. Qc2
h6 15. b3 1/2-1/2

[Event "Calgary int."]
[Site "Calgary CAN"]
[Date "2022.09.23"]
[Round "6"]
[White "Jaferian, K."]
[Black "Malek, O."]
[Result "0-1"]
[WhiteElo "2236"]
[BlackElo "2033"]
[PlyCount "70"]
[EventDate "2022.09.20"]
[EventType "tourn"]
[EventRounds "9"]
[EventCountry "CAN"]
[Source "Mark Crowther"]
[SourceDate "2022.10.10"]

1. e4 c5 2. Nc3 Nc6 3. Bb5 g6 4. Bxc6 bxc6 5. d3 Rb8 6. f4 Bg7 7. Nf3 d6 8. O-O
Nf6 9. Qe1 Bg4 10. b3 Bxf3 11. Rxf3 Nd7 12. Bb2 Bd4+ 13. Kh1 e6 14. Na4 O-O 15.
e5 Bxb2 16. Nxb2 d5 17. Qe3 f6 18. Na4 fxe5 19. fxe5 Rxf3 20. gxf3 Qe7 21. Rg1
Rf8 22. Rg4 Rf5 23. f4 Kg7 24. Qg3 Qf7 25. Nc3 Nxe5 26. Rh4 Nd7 27. Ne2 h5 28.
Qg1 Kf8 29. Qe3 Qf6 30. Rh3 e5 31. fxe5 Nxe5 32. Qxc5+ Kg8 33. Rg3 Ng4 34. h3
Rf2 35. Kg1 Qa1+ 0-1